Ekonomika KNR transport, torgovlja i finansy

Uložené v:
Podrobná bibliografia
Médium: Kniha
Jazyk:Russian
Vydavateľské údaje: Moskva Nauka 1979
Predmet:
Tagy: Pridať tag
Žiadne tagy, Buďte prvý, kto otaguje tento záznam!

MARC

LEADER 00000nam a2200000 4500
001 c142238
005 20250916115724.0
041 0 |a rus 
044 |a RU 
245 1 0 |a Ekonomika KNR  |b transport, torgovlja i finansy 
264 1 |a Moskva  |b Nauka  |c 1979 
300 |a 284 s. 
610 2 0 |a Čína